| 000 | 00814nam a22002177a 4500 | ||
|---|---|---|---|
| 999 |
_c17311 _d17311 |
||
| 003 | AR-CdUCM | ||
| 008 | 190508b ||||| |||| 00| 0 spa d | ||
| 040 |
_aMUNICIPALIDAD PROVINCIAL DEL CUSCO _cBIBLIOTECA MUNICIPAL DEL CUSCO |
||
| 082 |
_22ed _a907.2 / _bC91 |
||
| 100 |
_aCroce, Benedetto _94975 |
||
| 245 | _aLa historia como hazaña de la libertad / | ||
| 260 |
_aMéxico, D.F : _bFondo de Cultura Económica, _c1960. |
||
| 300 |
_a291 páginas ; _c17 cm. |
||
| 440 |
_aColección popular _n18 _937253 |
||
| 505 | _aContenido: Lo que convierte en historia a un libro de historia -- Le verdad en los libros de historia -- La unidad de una obra histórica... | ||
| 650 |
_aHistoriografía _97736 |
||
| 650 |
_aFilosofía _9395 |
||
| 650 |
_aHistoria _9136 |
||
| 942 |
_2ddc _cLIBROS |
||
| 945 |
_adavv _d08/05/2019 |
||